01454nam a22001937a 45000010005000000030006000050050017000110080041000280200018000690400029000870500020001160820012001361000026001482450127001742600046003015200841003476500045011886500027012339608FISKH20260126100439.0260126b cb ||||| |||| 00| 0 eng d a9780199238552 aFISKHbengcFISKHdFISKH aPT2621 .A26 .A6 a833.912 aKafka, Franz eAuthor aThe metamorphosis :band other stories /cTranslated by Joyce Crick ; with an introduction and notes by Ritchie Robertson  aOxford :bOxford University Press ,c2009 aWhen Gregor Samsa woke one morning from uneasy dreams, he found himself transformed into some kind of monstrous vermin. 'With a bewildering blend of the everyday and the fantastical, Kafka thus begins his most famous short story, The Metamorphosis. A commercial traveller is unexpectedly freed from his dreary job by his inexplicable transformation into an insect, which drastically alters his relationship with his family. Kafka considered publishing it with two of the stories included here in a volume to be called Punishments. The Judgement also concerns family tensions, when a power struggle between father and son ends with father passing an enigmatic judgement on the helpless son. The third story, In the Penal Colony, explores questions of power, justice, punishment, and the meaning of pain played out in a colonial setting.  aGerman literaturevExperience of illness aShort storiesvFiction